|
|
|
|
| LEADER |
00000nam0a2200000 4500 |
| 001 |
16319 |
| 005 |
20231030190515.0 |
| 035 |
|
|
|a (RuTPU)RU\TPU\book\16443
|
| 035 |
|
|
|a BOOK00001131
|
| 090 |
|
|
|a 16319
|
| 100 |
|
|
|a 20011209d1983 de y0rusy50 ca
|
| 101 |
0 |
|
|a rus
|
| 102 |
|
|
|a RU
|
| 105 |
|
|
|a a z 000zy
|
| 200 |
1 |
|
|a Начало отечества
|e научно-художественная книга
|f А. Я. Дегтярев, И. В. Дубов
|
| 210 |
|
|
|a Ленинград
|c Детская литература
|d 1983
|
| 215 |
|
|
|a 184 с.
|c ил.
|
| 610 |
1 |
|
|a история
|
| 610 |
1 |
|
|a Россия
|
| 610 |
1 |
|
|a Древняя Русь
|
| 610 |
1 |
|
|a 9 век
|
| 610 |
1 |
|
|a 10 век
|
| 610 |
1 |
|
|a 11 век
|
| 610 |
1 |
|
|a 12 век
|
| 610 |
1 |
|
|a 13 век
|
| 610 |
1 |
|
|a 14 век
|
| 610 |
1 |
|
|a 15 век
|
| 610 |
1 |
|
|a славяне
|
| 610 |
1 |
|
|a монголо-татарское нашествие
|
| 610 |
1 |
|
|a Куликовская битва
|
| 675 |
|
|
|a 9(С)13
|v 3
|
| 700 |
|
1 |
|a Дегтярев
|b А. Я.
|g Александр Якимович
|
| 701 |
|
1 |
|a Дубов
|b И. В.
|g Игорь Васильевич
|
| 801 |
|
0 |
|a RU
|b 63413507
|c 20011209
|g PSBO
|
| 801 |
|
2 |
|a RU
|b 63413507
|c 20091110
|g PSBO
|
| 942 |
|
|
|c BK
|